000 00864nam a2200229 a 4500
999 _c11278
_d11278
001 11278
003 BD-JhCC
005 20190824083510.0
008 190621s 2011bg |||| ||a| 001 0 ben d
020 _a9789842001574
035 _a(BD-JhCC)11278
040 _aBD-JhCC
_dBD-JhCC
041 _aben
082 _bHAS 2011
_a891.44309
100 _aহাসান, রকিবুল
245 _aবাংলা জনপ্রিয় উপন্যাসের ধারা :
_bমীর মশাররফ হোসেন থেকে আকবর হোসেন /
_cরকিবুল হাসান ।
260 _aঢাকা:
_bঅ্যাডর্ন পাবলিকেশন;
_c২০১১.
300 _a২০৫ পৃ. :
_c ২২ সেমি.
650 _aHistory of Bengali Novel
942 _2ddc
_cBK